| 000 | 01881cam a2200265 4500500 | ||
|---|---|---|---|
| 005 | 20260329005708.0 | ||
| 041 | _afre | ||
| 042 | _adc | ||
| 100 | 1 | 0 |
_aDemonceaux, Antoine _eauthor |
| 245 | 0 | 0 | _aPlace de l’homéopathie dans les troubles du sommeil |
| 260 | _c2019. | ||
| 500 | _a57 | ||
| 520 | _aLes troubles du sommeil peuvent être pris en charge par un traitement homéopathique. Aujourd’hui, les Français plébiscitent majoritairement l’homéopathie puisque 74 % d’entre eux sont favorables à cette thérapeutique. Une récente étude (EPI3) portant sur plus de 8 000 patients montre qu’à résultats égaux, les personnes soignées par homéopathie consomment 50 % de psychotropes en moins. Une expérimentation publiée en 2011 montre que Gelsemium sempervirens en 5CH et 9 CH a un effet sédatif, anxiolytique et analgésique par la stimulation de la biosynthèse de l’alloprégnanolone, qui elle-même potentialise la modulation allostérique de l’inhibition du système GABAergique. En prospective, nous souhaitons que l’évaluation de la thérapeutique homéopathique dans le sommeil se poursuive avec des outils appropriés à ses indications individualisées (case reports, études pharmaco épidémiologiques, études de qualité de vie (HAS)).L’intérêt de l’homéopathie, qui est constaté par des milliers de médecins généralistes, demande à être confirmé par une évaluation à grande échelle. | ||
| 690 | _aGelsemium sempervirens | ||
| 690 | _aHoméopathie | ||
| 690 | _aHomeopathy | ||
| 690 | _aInsomnia | ||
| 690 | _aInsomnie | ||
| 690 | _aRecherche | ||
| 690 | _aResearch | ||
| 690 | _aSleep disturbances | ||
| 690 | _aTroubles du sommeil | ||
| 786 | 0 | _nHegel | 3 | 3 | 2019-07-01 | p. 213-217 | 2269-0530 | |
| 856 | 4 | 1 | _uhttps://stm.cairn.info/revue-hegel-2019-3-page-213?lang=fr&redirect-ssocas=7080 |
| 999 |
_c1845693 _d1845692 |
||